| 000 | 004770000a22001810004500 | ||
|---|---|---|---|
| 003 | MACL | ||
| 005 | 20160107124926.0 | ||
| 008 | 160107b xxu||||| |||| 00| 0 eng d | ||
| 040 |
_aMACL _cMACL |
||
| 041 | _aEnglish | ||
| 082 | _a910.02/MON | ||
| 100 |
_aMonkhouse, F J _929184 |
||
| 245 | _aPrinciples of Physical Geography | ||
| 260 |
_bUniversity of London Press Ltd _c1960 _aLondon |
||
| 350 | _a30 | ||
| 650 |
_aGeography & Travel _929185 |
||
| 942 |
_cBK _k910.02/MON _2ddc |
||
| 999 |
_c35146 _d35146 |
||